Central Library OPAC University of Rajshahi

Work measurement in the office : (Record no. 14036)

MARC details
000 -LEADER
fixed length control field 00877nam a2200265 a 4500
001 - CONTROL NUMBER
control field 14036
003 - CONTROL NUMBER IDENTIFIER
rucl marc code BD-RjUL
005 - DATE AND TIME OF LATEST TRANSACTION
control field 20211208235547.0
008 - FIXED-LENGTH DATA ELEMENTS--GENERAL INFORMATION
fixed length control field 140203s1959 nyu 001 0 eng
035 ## - SYSTEM CONTROL NUMBER
System control number (BD-RjUL)14088
040 ## - CATALOGING SOURCE
Original cataloging agency DLC
Transcribing agency CarP
Modifying agency BD-RjUL
Language of cataloging eng
041 ## - LANGUAGE CODE
Language code of text/sound track or separate title eng
082 ## - DEWEY DECIMAL CLASSIFICATION NUMBER
Classification number 651
Author mark and year GRW 1959
Edition number 23
100 1# - MAIN ENTRY--PERSONAL NAME
Personal name Grillo, Elmer V. [from old catalog]
9 (RLIN) 43863
245 10 - TITLE STATEMENT
Title Work measurement in the office :
Remainder of title a guide to office cost control /
Statement of responsibility, etc. Elmer V. Grillo and Charles J. Berg.
260 ## - PUBLICATION, DISTRIBUTION, ETC. (IMPRINT)
Place of publication, distribution, etc. New York :
Name of publisher, distributor, etc. McGraw-Hill,
Date of publication, distribution, etc. 1959.
300 ## - PHYSICAL DESCRIPTION
Pagination 186 p. ;
Size 24 cm.
490 ## - SERIES STATEMENT
Series statement Noma series in office management.
504 ## - BIBLIOGRAPHY, ETC. NOTE
Bibliography, etc Includes index.
650 #0 - SUBJECT ADDED ENTRY--TOPICAL TERM
Topical term or geographic name as entry element Work Management
9 (RLIN) 43864
Topical term or geographic name as entry element Office practice.
9 (RLIN) 43865
700 1# - ADDED ENTRY--PERSONAL NAME
Personal name Berg, Charles J., [from old catalog]
Relator term joint author.
830 ## - SERIES ADDED ENTRY--UNIFORM TITLE
Uniform title Noma series in office management.
942 ## - ADDED ENTRY ELEMENTS (KOHA)
Source of classification or shelving scheme Dewey Decimal Classification
Koha item type Books
Holdings
Lost status Source of classification or shelving scheme Damaged status Not for loan Collection code Permanent Location Current Location Shelving location Date acquired Source of acquisition Cost, normal purchase price Total Checkouts Full call number Date last seen Copy number Koha item type
  Dewey Decimal Classification     Non-fiction Central Library, University of Rajshahi Central Library, University of Rajshahi   04/12/1962 Zeitlinger 50.60   651 GRW 1959 03/02/2014 C-3 Books
  Dewey Decimal Classification     Non-fiction Central Library, University of Rajshahi Central Library, University of Rajshahi   07/01/1965 Zeitlinger 58.00   651 GRW 1959 06/02/2014 C-5 Books
  Dewey Decimal Classification     Non-fiction Central Library, University of Rajshahi Central Library, University of Rajshahi   02/04/1962 Mirza book, Lahore 65.00   651 GRW 1959 28/11/2016 C-2 Books
  Dewey Decimal Classification   Not For Loan Non-fiction Central Library, University of Rajshahi Central Library, University of Rajshahi Reading Room 02/04/1962 Mirza Book 65.00   651 GRW 1959 23/01/2017 C-1 Books
  Dewey Decimal Classification     Non-fiction Central Library, University of Rajshahi Central Library, University of Rajshahi   02/11/1965 Zeitlinger 58.00   651 GRW 1959 07/06/2017 C-4 Books
  Dewey Decimal Classification     Non-fiction Central Library, University of Rajshahi Central Library, University of Rajshahi   04/12/1962 Zeitlinger 50.00   651 GRW 1959 07/06/2017 C-6 Books